Great moments in mathematics : after 1650

Saved in:
Bibliographic Details
Main Author: Eves, Howard, 1911-2004
Format: Book
Language:English
Published: [s.l.] : The Mathematical Association of American, 1983
Series:Dolciani mathematical expositions ; ; 7
Subjects:
Tags: Add Tag
No Tags, Be the first to tag this record!

MARC

LEADER 00000cam a2200000 i 4500
001 1/75571
008 971031s1983 eng d
020 |a 0-88385-311-6 
035 |a 1990  |b 3  |c Φιλίππου  |l 10032159 
040 |a GR-MY-UA  |b gre  |e aacr 
041 0 |a eng 
082 0 |a 510.9 
100 1 |a Eves, Howard,   |d 1911-2004. 
245 1 0 |a Great moments in mathematics :  |b after 1650 /  |c Howard Eves 
260 |a [s.l.] :   |b The Mathematical Association of American,   |c 1983 
300 |a 263 p. 
490 1 |a Dolciani mathematical expositions  |v ; 7 
650 0 0 |a Mathematics  |x History. 
767 0 8 |t Μεγάλες στιγμές των μαθηματικών /  
830 0 |a Dolciani mathematical expositions ;  |v ; 7 
852 |a INST  |b RHODES  |e 19971031  |h 510.9 EVE  |p 005400008406  |q 005400008406  |t BK  |y 0 
909 |a Ρ  |b 018683  |c 1990